Energy Commission of Nigeria (Record no. 120980)

MARC details
000 -LEADER
fixed length control field 00824cai a22002055a 4500
001 - CONTROL NUMBER
control field L156070
008 - FIXED-LENGTH DATA ELEMENTS--GENERAL INFORMATION
fixed length control field 120427u2012 xxk g 000 0 eng d
035 ## - SYSTEM CONTROL NUMBER
System control number (Sirsi) u156070
041 0# - LANGUAGE CODE
Language code of text/sound track or separate title eng
110 2# - MAIN ENTRY--CORPORATE NAME
Corporate name or jurisdiction name as entry element Energy Commission of Nigeria
9 (RLIN) 6054
245 00 - TITLE STATEMENT
Title Energy Commission of Nigeria
Medium [electronic resource]
260 ## - PUBLICATION, DISTRIBUTION, ETC.
Place of publication, distribution, etc. Abuja
Name of publisher, distributor, etc. ECN
Date of publication, distribution, etc. 2012
520 ## - SUMMARY, ETC.
Summary, etc. Energy Commission of Nigeria organises overall energy sector planning and policy implementation and promotes the diversification of energy resources. Now introducing new and alternative sources of energy such as solar, wind, biomass and nuclear energy.
590 ## - LOCAL NOTE (RLIN)
Local note KA
651 #4 - SUBJECT ADDED ENTRY--GEOGRAPHIC NAME
Geographic name Nigeria
690 ## - LOCAL SUBJECT ADDED ENTRY--TOPICAL TERM (OCLC, RLIN)
Topical term or geographic name as entry element Energy
9 (RLIN) 6237
690 ## - LOCAL SUBJECT ADDED ENTRY--TOPICAL TERM (OCLC, RLIN)
Topical term or geographic name as entry element Environment
9 (RLIN) 6238
856 40 - ELECTRONIC LOCATION AND ACCESS
Uniform Resource Identifier <a href="https://www.energy.gov.ng/">https://www.energy.gov.ng/</a>
Public note view the website free of charge at www.energy.gov.ng
942 ## - ADDED ENTRY ELEMENTS (KOHA)
Suppress in OPAC 0
Holdings
Withdrawn status Lost status Source of classification or shelving scheme Damaged status Not for loan Home library Current library Shelving location Date acquired Total Checkouts Full call number Barcode Date last seen Copy number Price effective from Koha item type
    Dewey Decimal Classification     Virtual Virtual Online 27/04/2012   WEBSITE 156070-2001 06/08/2019 1 06/08/2019 Online material